000 00473nam a2200193Ia 4500
008 210210b2010 xxu||||| |||| 00| 0 eng d
020 _a8121923174
041 _aeng
082 _a621.3692 AGAF
100 _aAGARWAL (D C)
245 _aFibre optic communication
260 _aNew Delhi
_bS. Chand & Co. Ltd.
_c2010
300 _axvi,428
650 _aoptic
650 _aFibre
650 _acommunication
690 _aElectronic Communication
906 _a066973
999 _c149391
_d149391